000
00276nam a22001097a 4500
008
140716b xxu||||| |||| 00| 0 eng d
082
_a
621.3815BOY
100
_a
Boylestad Robert L
245
_a
Electronic Devices & Circuit Theory
260
_a
India
_b
PEARSON
_c
2004
942
_c
BK
999
_c
23274
_d
23274